Diseño de sistemas de automatización integrada (Registro nro. 21737)

Detalles MARC
000 -Cabecera
Campo de control interno 01044nam a2200265Ia 4500
005 - Fecha y hora del registro
control field 20260320113308.0
008 - Elementos de Longitud Fija
fixed length control field 260320s9999||||xx |||||||||||||| ||und||
020 ## - ISBN
ISBN 9789942825612
041 ## - Idioma
Codigo Idioma ESP
082 ## - DEWEY y NOTACIÓN INTERNA
Dewey 629.895
Notación Interna B135
100 ## - AUTOR
Autor denominación Benítez Pina, Israel Francisco,
Término de relación autor
245 #0 - TÍTULO DE MATERIAL BIBLIOGRÁFICO
Título Diseño de sistemas de automatización integrada
Título paralelo
246 ## - TÍTULO TRADUCIDO
Título
Título paralelo
Autor
250 ## - EDICIÓN
Edición Primera edición
260 ## - CIUDAD, EDITORIAL, AÑO
Ciudad Guayaquil :
Nombre de la Editorial Dirección de Publicaciones de la Universidad Católica de Santiago de Guayaquil,
Año 2022
300 ## - DESCRIPCIÓN
N° Páginas 525 páginas :
Otros detalles fotografías, ilustraciones, gráficos ;
Dimensiones 24 cm.
Material Adicional
440 ## - MENCIÓN DE SERIE
Título de la Serie (Ciencias técnicas)
Número de Serie
Volumen de Serie
650 ## - TEMAS
Temas Tecnología (Ciencias Aplicadas)
653 ## - DESCRIPTORES
Lenguajes no controlado Automatización de procesos; Redes de Petri; Comunicación industriales
654 ## - PROGRAMAS
Programa Dpto. de Ingeniería Mecatrónica
700 ## - OTROS AUTORES
Otros autores Mendoza Merchán, Eduardo; Reinaldo Silva, José; Eigi Miyagi, Paulo [y otros tres]
Títulos y otras palabras asociadas con el nombre autores
856 ## - URL - UBICACIÓN
URI/URL: Enlace exacto del recurso <a href="https://ieeexplore-ieee-org.ucsp.lookproxy.com/Xplore/home.jsp">https://ieeexplore-ieee-org.ucsp.lookproxy.com/Xplore/home.jsp</a>
Nota pública: Versión digital <a href="Véase además: Base de datos IEEE Xplore">Véase además: Base de datos IEEE Xplore</a>
942 ## - ELEMENTOS DE KOHA
Tipo de documento Libro
Nombre del creador Justo Noguera
Código de catalogador Margarita Torres
Esquema de clasificación Dewey Decimal Classification
Suppress in OPAC
Existencias
Codigo completo Registro Colección Copia número Disponibilidad Tipo de préstamo Biblioteca Actual Procedencia (Biblioteca) Ubicacón Fecha Ingreso Tipo de Adquisición Observación Date last seen Total checkouts Price effective from Tipo de Item Estado del Material Fuente de Clasificación Damaged status Withdrawn status
629.895 B135 1085290 Universidad Católica San Pablo 1 Disponible Disponible Víctor Andrés Belaunde Víctor Andrés Belaunde Segundo piso 10/03/2026 Compra Ingeniería industrial 20/03/2026   20/03/2026 Libro Bueno Dewey Decimal Classification